[Event "HUN-chT U18"]
[Site "Miskolc"]
[Date "2010.11.03"]
[Round "3.13"]
[White "Diczko, Zsombor"]
[Black "Benyei, Piroska"]
[Result "1-0"]
[WhiteElo "1813"]
[BlackElo "1550"]
[PlyCount "125"]
[EventDate "2010.11.02"]
[EventType "team-swiss"]
[EventRounds "8"]
[EventCountry "HUN"]
[SourceTitle "EXT 2016"]
[Source "ChessBase"]
[SourceDate "2015.10.08"]
[SourceVersion "1"]
[SourceVersionDate "2015.10.08"]
[SourceQuality "1"]

1. e4 e5 2. Nf3 Nf6 3. d3 Nc6 4. g3 h6 5. Bg2 Bc5 6. 0-0 d6 7. h3 0-0 8. c3 Bb6 9. Na3 Be6 10. Nc2 Qc8 11. Kh2 Re8 12. Be3 Nd7 13. Re1 f5 14. exf5 Bxf5 15. Nh4 Nc5 16. Bxc5 Bxc5 17. Ne3 Bd7 18. b4 Bb6 19. a4 a6 20. a5 Ba7 21. Qc2 Rf8 22. Rf1 Ne7 23. Nd5 Nxd5 24. Bxd5+ Be6 25. Ng6 Re8 26. Bg2 Rb8 27. Rae1 Qd7 28. Nh4 Rf8 29. Qd2 Rf6 30. f4 exf4 31. Rxf4 Rxf4 32. Qxf4 Rf8 33. Qe4 Rf6 34. Qxb7 Bf2 35. Rxe6 Rxe6 36. Bd5 Kh8 37. Bxe6 Qxe6 38. Qg2 Be1 39. Qc2 Kg8 40. Nf3 Bxc3 41. Qxc3 Qe2+ 42. Kg1 Qxf3 43. Qc4+ Kh7 44. Qxa6 Qxg3+ 45. Kf1 Qxh3+ 46. Ke2 Qg4+ 47. Ke3 Qxb4 48. Qa8 h5 49. Qe4+ Qxe4+ 50. Kxe4 g5 51. a6 Kg6 52. a7 h4 53. Kf3 Kf5 54. a8Q g4+ 55. Kg2 Kf4 56. Qe4+ Kg5 57. Qe7+ Kh5 58. Qxc7 Kg5 59. Qxd6 Kf5 60. d4 Ke4 61. Qe5+ Kd3 62. Qf4 h3+ 63. Kg3 1-0

[Event "HUN-chT2 Maroczy 1011"]
[Site "Hungary"]
[Date "2010.09.12"]
[Round "1"]
[White "Diczko, Zsombor"]
[Black "Debreceni, Mate"]
[Result "0-1"]
[WhiteElo "1813"]
[BlackElo "1875"]
[PlyCount "100"]
[EventDate "2010.09.12"]
[EventType "team-tourn"]
[EventRounds "11"]
[EventCountry "HUN"]
[SourceTitle "EXT 2012"]
[Source "ChessBase"]
[SourceDate "2011.11.24"]
[SourceVersion "1"]
[SourceVersionDate "2011.11.24"]
[SourceQuality "1"]
[WhiteTeam "Nyiregyhaza"]
[BlackTeam "Debrecen SBE"]
[WhiteTeamCountry "HUN"]
[BlackTeamCountry "HUN"]

1. e4 e5 2. Nf3 Nc6 3. Bc4 Nf6 4. d3 Be7 5. c3 d6 6. Bb3 Bg4 7. Nbd2 Qd7 8. Nf1 0-0 9. h3 Be6 10. Ng3 d5 11. Qe2 Rfe8 12. 0-0 g6 13. Bg5 dxe4 14. dxe4 Bxb3 15. axb3 Qe6 16. b4 Bd6 17. Rad1 a5 18. b5 Ne7 19. Nd2 Nc8 20. Be3 Bf8 21. Ra1 Nd6 22. Rfd1 h5 23. Bc5 b6 24. Bxd6 Bxd6 25. Nc4 Rad8 26. Rd2 Be7 27. Rad1 h4 28. Nf1 Nh5 29. Rxd8 Rxd8 30. Rxd8+ Bxd8 31. Qd3 Be7 32. Qd5 Qxd5 33. exd5 e4 34. Nce3 Nf4 35. Nd2 f5 36. Ndc4 Nd3 37. Kf1 Kf7 38. d6 Bxd6 39. Nxd6+ cxd6 40. Nd5 Nxb2 41. Nxb6 Ke6 42. Ke2 d5 43. Nc8 Nc4 44. b6 Kd7 45. b7 Kc7 46. Ne7 Kxb7 47. Kd1 a4 48. Kc2 e3 49. fxe3 Nxe3+ 50. Kb2 g5 0-1

[Event "HUN-ch U16"]
[Site "Budapest"]
[Date "2010.06.29"]
[Round "4"]
[White "Diczko, Zsombor"]
[Black "Szabo, Gabor2222"]
[Result "1/2-1/2"]
[WhiteElo "1783"]
[BlackElo "1894"]
[PlyCount "45"]
[EventDate "2010.06.26"]
[EventType "swiss"]
[EventRounds "9"]
[EventCountry "HUN"]
[SourceTitle "CBM 137 Extra"]
[Source "ChessBase"]
[SourceDate "2010.09.01"]
[SourceVersion "1"]
[SourceVersionDate "2010.09.01"]
[SourceQuality "1"]

1. e4 c5 2. Nf3 e6 3. g3 b6 4. Bg2 Bb7 5. d3 d6 6. 0-0 Nd7 7. Re1 Qc7 8. Qe2 Ngf6 9. Nbd2 Be7 10. Nf1 0-0 11. h4 Rfe8 12. N1h2 h6 13. Bd2 d5 14. e5 Nh7 15. Ng4 Bf8 16. Bf4 Qc8 17. Qd2 Kh8 18. h5 Qd8 19. Re2 Nb8 20. Rae1 Nc6 21. c3 Ne7 22. Nh4 Rc8 23. Kh2 1/2-1/2

[Event "HUN-ch U16"]
[Site "Budapest"]
[Date "2010.06.27"]
[Round "2"]
[White "Bagi, Mate"]
[Black "Diczko, Zsombor"]
[Result "1-0"]
[WhiteElo "2161"]
[BlackElo "1783"]
[PlyCount "87"]
[EventDate "2010.06.26"]
[EventType "swiss"]
[EventRounds "9"]
[EventCountry "HUN"]
[SourceTitle "CBM 137 Extra"]
[Source "ChessBase"]
[SourceDate "2010.09.01"]
[SourceVersion "1"]
[SourceVersionDate "2010.09.01"]
[SourceQuality "1"]

1. e4 e5 2. Nf3 Nc6 3. Bb5 a6 4. Ba4 Nf6 5. 0-0 Be7 6. Re1 b5 7. Bb3 d6 8. c3 0-0 9. h3 Na5 10. Bc2 c5 11. d4 Qc7 12. Nbd2 Bd7 13. Nf1 Rfc8 14. Re2 Rab8 15. b3 Nb7 16. Ng3 Be6 17. d5 Bd7 18. Bg5 Kh8 19. Qd2 Ng8 20. Rd1 Qd8 21. Bxe7 Nxe7 22. Ng5 Kg8 23. f4 h6 24. Nf3 exf4 25. Qxf4 Ng6 26. Qd2 Nh4 27. Rf1 Nxf3+ 28. Rxf3 Qg5 29. Qxg5 hxg5 30. e5 Re8 31. e6 fxe6 32. Bg6 Rf8 33. Rxf8+ Rxf8 34. dxe6 Be8 35. Be4 Na5 36. Nf5 Rf6 37. Nxd6 Kf8 38. Bf3 Ke7 39. Nc8+ Kd8 40. Nb6 Rh6 41. Rd2+ Ke7 42. Bg4 Nc6 43. Nd5+ Kf8 44. Rf2+ 1-0

[Event "HUN-chT2 Barcza 0910"]
[Site "Hungary"]
[Date "2009.12.20"]
[Round "4.6"]
[White "Kun, Sandor"]
[Black "Diczko, Zsombor"]
[Result "1-0"]
[WhiteElo "2087"]
[BlackElo "1746"]
[PlyCount "85"]
[EventDate "2009.11.08"]
[EventType "team-tourn"]
[EventRounds "11"]
[EventCountry "HUN"]
[SourceTitle "EXT 2011"]
[Source "ChessBase"]
[SourceDate "2010.11.26"]
[SourceVersion "1"]
[SourceVersionDate "2010.11.26"]
[SourceQuality "1"]
[WhiteTeam "HSSE"]
[BlackTeam "Nyiregyhaza"]
[WhiteTeamCountry "HUN"]
[BlackTeamCountry "HUN"]

1. e4 e5 2. Nf3 Nc6 3. Bb5 a6 4. Ba4 Nf6 5. 0-0 Be7 6. Re1 b5 7. Bb3 d6 8. c3 0-0 9. h3 Na5 10. Bc2 c5 11. d4 Nc6 12. Be3 Bb7 13. Nbd2 Re8 14. Nf1 Bf8 15. Ng3 g6 16. d5 Nb8 17. Qd2 Bg7 18. a4 Nbd7 19. axb5 axb5 20. Bh6 Bh8 21. b3 Qc7 22. Nf5 Nf8 23. Rxa8 Bxa8 24. Qg5 Bb7 25. Ra1 Bc8 26. N3h4 Bxf5 27. Nxf5 Nh5 28. Ra8 Rxa8 29. Ne7+ Qxe7 30. Qxe7 Bg7 31. Bxg7 Kxg7 32. Qxd6 Ra1+ 33. Kh2 Ra2 34. Qxe5+ Nf6 35. Bd3 Rxf2 36. Bxb5 Rb2 37. Ba4 Re2 38. d6 Rxe4 39. Qxc5 Ne6 40. Qa7 Re2 41. Bc6 Rd2 42. d7 Ng5 43. Qe3 1-0

[Event "HUN-chT2 Barcza 0910"]
[Site "Hungary"]
[Date "2009.11.08"]
[Round "1.9"]
[White "Galko, Attila"]
[Black "Diczko, Zsombor"]
[Result "1-0"]
[WhiteElo "1850"]
[BlackElo "1746"]
[PlyCount "77"]
[EventDate "2009.11.08"]
[EventType "team-tourn"]
[EventRounds "11"]
[EventCountry "HUN"]
[SourceTitle "EXT 2011"]
[Source "ChessBase"]
[SourceDate "2010.11.26"]
[SourceVersion "1"]
[SourceVersionDate "2010.11.26"]
[SourceQuality "1"]
[WhiteTeam "Edeleny"]
[BlackTeam "Nyiregyhaza"]
[WhiteTeamCountry "HUN"]
[BlackTeamCountry "HUN"]

1. e4 e5 2. Nc3 Nc6 3. Bc4 Nf6 4. d3 Bc5 5. f4 d6 6. f5 Na5 7. Bb3 Nxb3 8. axb3 h6 9. Bd2 d5 10. Qf3 d4 11. Nce2 Qe7 12. Ng3 Bd7 13. c3 Bb6 14. Nh5 Nxh5 15. Qxh5 0-0-0 16. c4 Bc5 17. Nf3 Kb8 18. 0-0 Rdg8 19. b4 Bxb4 20. Bxb4 Qxb4 21. Nxe5 Be8 22. Qe2 Qd6 23. Nf3 f6 24. e5 fxe5 25. Qxe5 Qxe5 26. Nxe5 Rf8 27. Ng6 Bxg6 28. fxg6 Rf6 29. Rxf6 gxf6 30. g7 Rg8 31. Re1 b6 32. Re7 Kb7 33. Kf2 Kc6 34. Kf3 Kd6 35. Rf7 f5 36. Kf4 Ke6 37. Rxc7 Kf6 38. Rxa7 Re8 39. b4 1-0

[Event "HUN-ch U16"]
[Site "Balatonlelle"]
[Date "2009.07.03"]
[Round "7"]
[White "Diczko, Zsombor"]
[Black "Ruboczki, Tibor"]
[Result "1/2-1/2"]
[WhiteElo "1751"]
[BlackElo "1649"]
[PlyCount "43"]
[EventDate "2009.06.27"]
[EventType "swiss"]
[EventRounds "9"]
[EventCountry "HUN"]
[SourceTitle "EXT 2011"]
[Source "ChessBase"]
[SourceDate "2010.11.26"]
[SourceVersion "1"]
[SourceVersionDate "2010.11.26"]
[SourceQuality "1"]

1. e4 e6 2. d3 d5 3. Nd2 Nf6 4. Ngf3 b6 5. c3 c5 6. g3 Ba6 7. exd5 Qxd5 8. Nc4 Bxc4 9. dxc4 Qxd1+ 10. Kxd1 Nc6 11. Bg2 Rc8 12. Be3 Bd6 13. Kc2 Ke7 14. Rad1 Rhd8 15. Rd2 Ng4 16. Re1 Nxe3+ 17. Rxe3 Bb8 18. Red3 Ne5 19. Nxe5 Bxe5 20. Rxd8 Rxd8 21. Rxd8 Kxd8 22. Kd3 1/2-1/2

[Event "HUN-ch U16"]
[Site "Balatonlelle"]
[Date "2009.07.02"]
[Round "6"]
[White "Diczko, Zsombor"]
[Black "Csorsz, Ferenc Jr"]
[Result "1/2-1/2"]
[WhiteElo "1751"]
[BlackElo "1854"]
[PlyCount "40"]
[EventDate "2009.06.27"]
[EventType "swiss"]
[EventRounds "9"]
[EventCountry "HUN"]
[SourceTitle "EXT 2011"]
[Source "ChessBase"]
[SourceDate "2010.11.26"]
[SourceVersion "1"]
[SourceVersionDate "2010.11.26"]
[SourceQuality "1"]

1. e4 d5 2. exd5 Qxd5 3. Nc3 Qd6 4. d4 Nf6 5. Nf3 Bf5 6. g3 c6 7. Bg2 e6 8. 0-0 Be7 9. Re1 0-0 10. Bf4 Qd8 11. Nh4 Bg6 12. Nxg6 hxg6 13. Qd2 Nbd7 14. Rad1 Nb6 15. h4 Nc4 16. Qc1 Qb6 17. Na4 Qb5 18. b3 Qa5 19. Nc5 Bxc5 20. dxc5 Qxa2 1/2-1/2

[Event "HUN-ch U16"]
[Site "Balatonlelle"]
[Date "2009.06.27"]
[Round "1"]
[White "Bogar, Peter"]
[Black "Diczko, Zsombor"]
[Result "0-1"]
[WhiteElo "2013"]
[BlackElo "1751"]
[PlyCount "98"]
[EventDate "2009.06.27"]
[EventType "swiss"]
[EventRounds "9"]
[EventCountry "HUN"]
[SourceTitle "EXT 2011"]
[Source "ChessBase"]
[SourceDate "2010.11.26"]
[SourceVersion "1"]
[SourceVersionDate "2010.11.26"]
[SourceQuality "1"]

1. e4 e5 2. Nf3 Nc6 3. Bb5 Nf6 4. 0-0 Bc5 5. Nxe5 0-0 6. Nc3 Re8 7. Nf3 Nxe4 8. Nxe4 Rxe4 9. d3 Re8 10. d4 Bf8 11. c4 d5 12. Ne5 Bd7 13. Bxc6 Bxc6 14. Qh5 g6 15. Qf3 f5 16. Rd1 Bg7 17. Bf4 g5 18. Nxc6 bxc6 19. Bc1 Qe7 20. g3 Qe4 21. Qxe4 Rxe4 22. cxd5 cxd5 23. Bxg5 Bxd4 24. Rac1 c5 25. Kf1 Rae8 26. Rc2 Rb8 27. b3 Rbe8 28. f3 R4e6 29. b4 Be3 30. Bxe3 Rxe3 31. bxc5 Rxf3+ 32. Kg2 Rfe3 33. Kf2 R3e5 34. c6 Rc8 35. Rb1 Kf7 36. Rb7+ Re7 37. Kf3 Rcc7 38. Rb5 Ke6 39. Rcc5 Kd6 40. Rxd5+ Kxc6 41. Rxf5 Rf7 42. Ke4 Rxf5 43. Rxf5 Rb7 44. Rf2 Re7+ 45. Kd4 Rb7 46. Rf6+ Kb5 47. Rf3 Rd7+ 48. Kc3 Re7 49. Rf2 Kc5 0-1

[Event "Val Thorens op"]
[Site "Val Thorens"]
[Date "2009.??.??"]
[Round "9"]
[White "Mikulas, Robert"]
[Black "Diczko, Zsombor"]
[Result "1/2-1/2"]
[WhiteElo "1513"]
[BlackElo "1739"]
[PlyCount "61"]
[EventDate "2009.07.18"]
[EventType "swiss"]
[EventRounds "9"]
[EventCountry "FRA"]
[SourceTitle "CBM 131 Extra"]
[Source "ChessBase"]
[SourceDate "2009.09.03"]
[SourceVersion "2"]
[SourceVersionDate "2009.09.16"]
[SourceQuality "1"]

1. e4 e5 2. Nf3 Nc6 3. Bb5 a6 4. Ba4 Nf6 5. 0-0 Be7 6. Re1 b5 7. Bb3 d6 8. c3 0-0 9. h3 Nb8 10. d4 Nbd7 11. Nbd2 Bb7 12. Bc2 Re8 13. Nf1 Bf8 14. Ng3 g6 15. a4 c5 16. d5 c4 17. Bg5 h6 18. Be3 Nc5 19. Qd2 h5 20. Ra3 Nfd7 21. Rea1 Bg7 22. Bg5 Bf6 23. Bh6 Qe7 24. Qc1 Nb6 25. axb5 axb5 26. Ra5 Qd7 27. Bg5 Bg7 28. Bh6 Bf6 29. Bg5 Bg7 30. Bh6 Bf6 31. Bg5 1/2-1/2